|
|
|
|
| LEADER |
00000nam a22000007a 4500 |
| 005 |
2013103003503.0 |
| 007 |
cr|||| |||| |
| 008 |
131030c20129999mx ur|| s|||| 0||| 1spa d |
| 022 |
|
|
|a 2007-3577
|
| 035 |
|
|
|a 11597
|
| 040 |
|
|
|a vLex
|
| 090 |
|
|
|c 4566
|d 4566
|
| 245 |
0 |
0 |
|a Ciencia Jurd̕ica
|h [Recurso electrn̤ico]
|
| 256 |
|
|
|a Servicio en ln̕ea
|
| 260 |
|
|
|a Guanajuato:
|b Universidad de Guanajuato,
|c 2012 -
|
| 300 |
|
|
|a 1 recurso electrn̤ico
|
| 506 |
1 |
|
|a Contenido solo disponible en los productos indicados
|d vLex Global
|d vLex Global (Academic Edition, excluding Law Schools)
|d vLex Global (U.S. Academic Edition, Law Schools)
|d vLex Global (U.S. Academic Edition, excluding Law Schools)
|d vLex Global (Academic Edition, Law Schools)
|
| 650 |
0 |
4 |
|a Derecho Constitucional
|z Mx̌ico
|
| 650 |
0 |
4 |
|a Derecho Pb︢lico y Administrativo
|z Mx̌ico
|
| 650 |
0 |
4 |
|a Derecho Penal
|z Mx̌ico
|
| 740 |
0 |
|
|a vLex Revistas (Servicio en ln̕ea)
|
| 856 |
4 |
0 |
|u http://vlex.com/source/ciencia-juridica-11597
|z Acceso restringido
|
| 942 |
|
|
|c REV
|
| 999 |
0 |
|
|a Criminal law
|
| 999 |
0 |
|
|a Administrative law
|
| 999 |
0 |
|
|a Constitutional law
|